Mumbai Indians IPL Cricket Quiz - Statistics

General Stats
  • This quiz has been taken 218 times
    204 since last reset
  • The average score is 8 of 11
Answer Stats
Question Answer % Correct
Who is the Captain of MI Rohit Sharma
100%
How many times have MI been Champions 5
92%
Who is MI's best bowler Jasprit Bumrah
89%
Who is MI's most successful Captain Rohit Sharma
86%
Which two brothers play for MI Hardik Pandya, Krunal Pandya
83%
Which MI bowler has 170 Wickets (the most in the IPL from any cricketer) Lasith Malinga
79%
What is Keiron Pollard's highest score in the IPL 87
59%
Who is the coach of MI Mahela Jayawardene, Paul Chapman
55%
What is Ishan Kishan's highest score in the IPL 99
52%
Who was the leading run scorer for MI in IPL 2020 Ishan Kishan
35%
What is MI's highest score in a single innings 235
34%
No matching quizzes found
Score Distribution
Percent of People with Each Score
Percentile by Number Answered
Your Score History
You have not taken this quiz since the last reset